00321nam a2200121Ia 4500008004100000100002800041245004600069260002900115300000900144650002200153942000700175999001700182190216s9999||||xx |||||||||||||| ||und|| aArthur Berriedale Keith 0aConstitutional Histroy Of India 1600-1935 bCentral Book Depotc1961 a581p aPolitical Science cBK c34771d34771